Statistics for Sampdoria Best Scorer By Year

Click here to take the quiz!

General Stats

  • This quiz has been taken 154 times
    (107 since last reset)
  • The average score is 7 of 37

Answer Stats

Player% Correct
Fabio Quagliarella
96%
Gianluca Vialli
77%
Roberto Mancini
77%
Antonio Cassano
59%
Giampaolo Pazzini
48%
Francesco Caputo
44%
Manolo Gabbiadini
42%
Mauro Icardi
37%
Éder
34%
Vincenzo Montella
33%
Ruud Gullit
32%
Francesco Flachi
30%
Fabio Bazzani
22%
Enrico Chiesa
18%
Claudio Bellucci
12%
Nicola Pozzi
12%
Roberto Vieri
12%
Ernesto Cucchiaroni
8%
Fausto Salsano
7%
Adriano Bassetto
5%
Oliviero Conti
5%
Sergio Brighenti
5%
Ermanno Cristin
4%
Ernst Ocwirk
4%
Trevor Francis
4%
China
3%
Giuseppe Baldini
3%
Alessandro Scanziani
1%
Aurelio Milani
1%
Eddie Firmani
1%
Fulvio Francesconi
1%
Giancarlo Salvi
1%
Mario Maraschi
1%
Nello Saltutti
1%
Paolo Barison
1%
Pierluigi Ronzon
1%
Renato Gei
1%

Score Distribution

Percentile by Number Answered

Percent of People with Each Score

Your Score History

You have not taken this quiz since the last reset